000 00501nam a22001577a 4500
003 OSt
005 20240404103113.0
008 240404b |||||||| |||| 00| 0 eng d
040 _cCentral Library MRSPTU
100 _aPeter Kropotkin (ਪੀਟਰ ਕ੍ਰੋਪੋਟਕਿਨ)
245 _aNujwana Nal Do Galan (ਨੌਜਵਾਨਾਂ ਨਾਵ ਦੋ ਗੱਲਾਂ)
250 _a1st
260 _aLudhiana
_bSaheed Bhagat Singh Yadgari Parkashan
_c2004
300 _a32
942 _2ddc
_cBK
_n0
999 _c9987
_d9987